01575cam a2200349 a 4500001001400000003000800014005001700022006001900039007001500058008004100073020003800114040003000152049002600182050002200208082001900230100002600249245013200275260004500407300004200452504005100494520033200545521001700877588004700894650003600941655002900977700002701006710001601033776003501049856010601084942001601190999001901206EDZ0000174331StDuBDS20161031105228.0m||||||||d||||||||cr |||||||||||131121s2011 caua fo| 001|0|eng d a9781483349428 (ebook) :cNo price aStDuBDSbengcStDuBDSepn aAlfaisal Main Library 0aBF311b.L467 201104a153.0151182231 aLewandowsky, Stephan.10aComputational modeling in cognitionh[electronic resource] :bprinciples and practice /cStephan Lewandowsky and Simon Farrell. aThousand Oaks, [Calif.] :bSAGE,cc2011. a1 online resource (x, 359 p.) :bill. aIncludes bibliographical references and index.8 aThis title introduces the principles of using computational models in psychology and provides a clear idea about how model construction, parameter estimation and model selection are carried out in practice. The book is written at a level that permits readers with a background in cognition, but without any modelling expertise. aSpecialized. aDescription based on print version record. 0aCognitionxMathematical models. 7aElectronic books.2local1 aFarrell, Simon,d1976-2 aSage eBooks08iPrint version :z978141297076140uhttp://ezproxy.alfaisal.edu/login?url=http://sk.sagepub.com/books/computational-modeling-in-cognition 2lcccEBOOKS c482167d482167